Регионална библиотека "Любен Каравелов" - Русе

Основни ароматни растения (Запис номер 108067)

MARC детайли
000 -Лидер
Контролно поле с фиксирана дължина 01441nam a2200325 c 4500
003 - Код на организацията, давaща контролен номер
Контролно поле BLK
005 - Дата и час на последна редакция
Контролно поле 20250329113243.0
008 - Елементи от данни с фиксирана дължина
fixed length control field 180409b bul|||||r ||||||| ||bul||
010 ## - Наследен системен номер
LC control number KNG00113365000
040 ## - Източник на каталожния запис
Идентификатор на билиотеката - собственик на записа BLK
041 ## - Код за език
Код за езика на текст/звукозапис или на отделно заглавие Български
Код за езика КДБФ Български
080 ## - УДК
Текстов определител УДК Етеричномаслени растения. Ароматни, оцветителни, дъбилни, лекарствени растения
УДК код - определител по УДК 633.8
УДК определител
УДК - код + определител 633.8
100 1# - Редна дума - Автор
Автор Янкулов, Йордан Кръстев
Авторска отговорност първи автор
R(LIN) 369575
139 ## - Редно поле
Редна дума Янкулов, Йордан Кръстев
Авторски знак Янку - Я 62
245 10 - Сведения за заглавието
Заглавие Основни ароматни растения
Подзаглавни данни 19 съвременни технологии за култивиране
Редно поле (дума) Йордан Кръстев Янкулов; ред. Таня Цветковска.
257 ## - Страна на издаване
Страна на създаване/издаване България
260 ## - Област на издателските данни
-- София
Име на издателя, разпространителя и проч. Изд. авт.
Година на издаване 2000
300 ## - Физическа характеристика
Страници 228 с.
Размери/Мащаб 23 см
380 ## - Жанр
Жанр Селско стопанство
650 #4 - Допълнително описание по предмет – тема
Основно описание – тема или топоним Етеричномаслени култури - болести и вредители
9 (RLIN) 273055
653 ## - Ключова дума – ненормативна
Ключова дума етеричномаслени култури
653 ## - Ключова дума – ненормативна
Ключова дума отглеждане
700 1# - Други автори (авторска отговорност)
Лично име Цветковска, Таня
Автороска отговорност (Описва отношението между автора и произведението) ред.
9 (RLIN) 311137
852 ## - Местоположение
Форматна сигнатура Цб 219768
856 4# - Електронен адрес и достъп
Електронен формат pdf - файл
Път до файла /url/
856 4# - Електронен адрес и достъп
Електронен формат pdf - файл
Път до файла /url/
942 ## - АРТИКУЛИ
Вид на библиотечния материал Книги
Скрит в OPAC Не
Koha issues (borrowed), all copies 11
944 ## - СЪЗДАВАНЕ И РЕДАКЦИЯ на ЗАПИСА
Създаване/Редакция Създаване
Дата на регистрацията/редакция 02.06.2004
Статус, дата на статуса Мартин Енчев
Служител, извършил регистрацията/редакцията 30575
944 ## - СЪЗДАВАНЕ И РЕДАКЦИЯ на ЗАПИСА
Създаване/Редакция Редакция
Дата на регистрацията/редакция 18.08.2016
Статус, дата на статуса ф /
Служител, извършил регистрацията/редакцията Виолета_Тройчева
999 ## - СИСТЕМНИ КОНТРОЛНИ НОМЕРА
Koha biblionumber 108067
Koha biblioitemnumber 108067
Наличности
Код за отписване Код за изгубен артикул Код за повреда Коз за рестрикции Код за отдаване Артикулен № Име на библиотеката - собственик Име на библиотеката, в която се намира в момента Статус (Текущо местоположение) Дата на вписване в системата Местоположение - отдел Цена в лева Инвентарен номер Систематично азбучна сигнатура Баркод Номер на екземпляра Цена в евро Служебна бележка Служебен тип на артикула Източник на класификационната схема
  Не е изгубен Не е повреден без рестрикции ползва се в читалня 174296 Регионална библиотека "Любен Каравелов" Русе Регионална библиотека "Любен Каравелов" Русе Хранилище 2004-05-31 Основен фонд - ползва се само за читалня 15.00 120000685864 Цб 219768 120000685864 1 7.67 Дост: Pk Вид: Ф N: 2 Дата: 31.05.2004 Книги  
Изтеглен Не е изгубен Не е повреден без рестрикции заемане за дома 174297 Регионална библиотека "Любен Каравелов" Русе Регионална библиотека "Любен Каравелов" Русе Заемна - подръчен фонд 2004-05-31 Заемна - подръчен фонд 15.00 120000685865 П 633.8/Я 62 120000685865 2 7.67 Дост: Pk Вид: Ф N: 2 Дата: 31.05.2004 Книги Universal Decimal Classification
  Не е изгубен Не е повреден без рестрикции ползва се в читалня 174298 Регионална библиотека "Любен Каравелов" Русе Регионална библиотека "Любен Каравелов" Русе Читалня 2004-05-31 Читалня 15.00 120000685866 Ч 633/Я 62 120000685866 3 7.67 Дост: Pk Вид: Ф N: 2 Дата: 31.05.2004 Дата инв: 20.03.2017 Бележки инв: Ч2017 Книги  
Изтеглен Не е изгубен Не е повреден без рестрикции заемане за дома 174299 Регионална библиотека "Любен Каравелов" Русе Регионална библиотека "Любен Каравелов" Русе Заемна - подръчен фонд 2008-12-09 Заемна - подръчен фонд 15.00 120000731994 П 633.8/Я 62 120000731994 4 7.67 Дост: Pk Вид: Ф N: 11850 Дата: 07.12.2008 Книги  
Изтеглен Не е изгубен Не е повреден без рестрикции заемане за дома 174300 Регионална библиотека "Любен Каравелов" Русе Регионална библиотека "Любен Каравелов" Русе Заемна - подръчен фонд 2008-12-09 Заемна - подръчен фонд 15.00 120000731995 П 633.8/Я 62 120000731995 5 7.67 Дост: Pk Вид: Ф N: 11850 Дата: 07.12.2008 Книги  
  Не е изгубен Не е повреден без рестрикции заемане за дома 174301 Регионална библиотека "Любен Каравелов" Русе Регионална библиотека "Любен Каравелов" Русе Заемна - подръчен фонд 2008-12-09 Заемна - подръчен фонд 15.00 120000731996 П 633.8/Я 62 120000731996 6 7.67 Дост: Pk Вид: Ф N: 11850 Дата: 07.12.2008 Дата инв: 19.02.2018 Бележки инв: П2018 Книги  
Vip Innovations Ltd, Rousse, Bulgaria 2025